000 00218nam a22000977a 4500
999 _c16145
_d16145
003 OSt
008 200610b ||||| |||| 00| 0 eng d
100 _aCharles Darwin
_94574
245 _aThe Origin of Species
942 _cBK